Statistics for Ultra Power Tycoon Powers Click Quiz (unfinished)

Click here to take the quiz!

General Stats

  • This quiz has been taken 5 times
    (4 since last reset)
  • The average score is 7 of 63

Answer Stats

HintAnswer% Correct
4th Power of TailedClone Barrage
100%
1st power of GodspeedKunai
100%
3rd Power of Dark FlameDark Titan Blade
50%
6th Power of TailedDouble Titan Shuriken
50%
3rd Power of TailedEnergy Shuriken
50%
6th Power of Dark FlameIllusion
50%
4th Power of FadeLava Dimension
50%
First Power of PushMystic Bone
50%
Third Power of EternalMystic Orb Attack
50%
2nd Power of FadeMystic Square Attack
50%
Last Power of SneakRe-Animate
50%
First Power of SneakSnake Attack
50%
2nd Power of TailedClone Energy Strike
0%
4th Power of Dark FlameCrow Hurricane
0%
Second Power of Dark FlameDark Flame Attack
0%
First Power of Dark FlameDark Sword
0%
Last Power of Dark FlameDark Titan
0%
5th Power of Dark FlameDark Titan Shuriken
0%
Fifth Power of EternalDestroyer Fire
0%
3rd Power of SneakDisguise
0%
2nd power of GodspeedEnergy Attack
0%
4th Power of Death EyeEnergy Prison
0%
Last Power of Death EyeEye Teleport
0%
Last Power of GodSpeedFlying God
0%
First Power of TailedFox Claws
0%
5th Power of GodSpeedFrog Attack
0%
Second Power of CursedGiant Fireball
0%
Fourth Power of EternalGiant Meteor Attack
0%
4th Power of SneakGiant Snake Attack
0%
5th Power of CursedGod's Arrow
0%
6th Power of EternalGod Tree
0%
Last Power of FadeGrab
0%
First Power of Death EyeGunbai
0%
Last Power of CursedHalf Titan
0%
3rd Power of CursedHalf-Titan Strike
0%
5th Power of FadeIce Dimension
0%
6th Power of GodSpeedKunai Teleport
0%
4th Power of CursedLightning Dragon
0%
First Power of CursedLightning Sword
0%
3rd power of GodSpeedLight Slicer
0%
Second Power of PushMultiple Bone Attack
0%
Second Power of EternalMultiple Fireball Attack
0%
6th Power of FadeMystic Rain
0%
First Power of EternalMystic Staff
0%
First Power of FadeMythic Bones
0%
5th Power of TailedNuclear Titan Bomb
0%
5th Power of Death EyeNuclear Tree
0%
3rd Power of PushPlanetary Pull
0%
Second Power of SneakPoison
0%
6th Power of SneakRe-Animate Multi Attack
0%
6th Power of PushRock Seal
0%
5th Power of SneakShadow
0%
3rd Power of FadeSlow Dimension
0%
5th Power of PushSoul Eater
0%
6th Power of CursedSoul Replace
0%
4th Power of GodSpeedSpeed Mode
0%
2nd Power of Death EyeSpiral Fire Attack
0%
6th Power of Death EyeTailed Titan Beam
0%
Last Power of PushThe End
0%
Last power of EternalTitan
0%
Last Power of TailedTitan Fox
0%
4th Power of PushUniversal Push
0%
3rd Power of Death EyeWoodplosion
0%

Score Distribution

Percentile by Number Answered

Percent of People with Each Score

Your Score History

You have not taken this quiz since the last reset